| 000 | 00955nam a2200241 i 4500 | ||
|---|---|---|---|
| 003 | EG-ScBUE | ||
| 005 | 20231112133345.0 | ||
| 008 | 100506s1988 ua f b 000 0 aara d | ||
| 040 |
_aEG-ScBUE _bara _erda _cEG-ScBUE _dEG-ScBUE |
||
| 082 | 0 | 4 |
_222 _a928.1 _bخ ف ا |
| 100 | 1 |
_aخفاجي، محمد عبد المنعم، _d1915-2006، _eمؤلف. |
|
| 245 | 1 | 0 |
_aمن صحائف الذكرى / _cد. محمد عبد المنعم خفاجي. |
| 264 | 1 |
_aالقاهرة : _bدار الطباعة المحمدية، _c1988. |
|
| 300 |
_a335 صفحة ؛ _c21 سم |
||
| 336 |
_2rdacontent _aنص _btxt |
||
| 337 |
_aبدون وسيط _2rdamedia _bn |
||
| 338 |
_aمجلد _bnc _2rdacarrier |
||
| 504 | _aيشتمل على إرجاعات ببليوجرافية. | ||
| 600 | 1 | 7 |
_2BUEsh _aخفاجي، محمد عبد المنعم، _d1915-2006. |
| 650 |
_911526 _aالأدباء العرب _vتراجم. _2BUEsh |
||
| 655 | _vReading book | ||
| 942 |
_2ddc _cBB |
||
| 999 |
_c13963 _d13963 |
||